000
00314nam a2200121Ia 4500
008
180205s9999 xx 000 0 und d
020
_a
9781305258723
100
_a
Long, Ben
245
_a
Complete digital photography /
250
_a
8th ed
260
_a
USA :
_b
Cengage learning
_c
2015
300
_a
viii, 598 pages
999
_c
354934
_d
354934